Sociología del arte I

Guardat en:
Dades bibliogràfiques
Autor principal: Hauser, Arnold
Format: Llibre
Idioma:Undetermined
Publicat: Madrid, España Guadarrama 1975
Matèries:
Etiquetes: Afegir etiqueta
Sense etiquetes, Sigues el primer a etiquetar aquest registre!

MARC

LEADER 00000nam a2200000Ia 4500
008 170316s9999 xx 000 0 und d
090 |a 100 H-6s v.1 
100 |a Hauser, Arnold 
245 |a Sociología del arte I 
260 |a Madrid, España 
260 |b Guadarrama 
260 |c 1975 
300 |a 468 páginas Vol. I 
650 |a FILOSOFÍA 
999 |c 16562  |d 16562 
040 |a cru BVZT 
942 |c 15 D  |h 100 H-6s v.1  |2 z